Curs 1933-34 : ensenyaments técnics professionals per a obrers mecánics, fusters, paletes, guixaires, etc. ... / Ateneu Obrer de Barcelona ensenyaments técnics professionals per a obrers mecánics, fusters, paletes, guixaires, etc. ... / Ateneu Obrer de Barcelona
Descripción Física:
1 díptic ; 22 cm
Materias:
Ateneu Obrer de Barcelona -- Currículums
MARC
| LEADER | 00000nam a2200000Ia 4500 | ||
|---|---|---|---|
| 001 | 16371 | ||
| 008 | 160829s1933?] xx 000 0 cat d | ||
| 080 | |a 4367, exp. 283 | ||
| 110 | |a Ateneu Obrer de Barcelona |9 69878 | ||
| 245 | |a Curs 1933-34 : |b ensenyaments técnics professionals per a obrers mecánics, fusters, paletes, guixaires, etc. ... / Ateneu Obrer de Barcelona | ||
| 260 | |a Barcelona : |b [Ateneu Obrer de Barcelona, |c 1933?] | ||
| 300 | |a 1 díptic ; |c 22 cm | ||
| 650 | |a Ateneu Obrer de Barcelona |x Currículums |9 48214 | ||
| 901 | |a Arxiu | ||
| 942 | |n 1 | ||
| 952 | |0 0 |1 0 |4 0 |6 4367_EXP_283 |7 1 |9 54399 |a Arxiu |b Arxiu |d 2016-12-01 |l 0 |o 4367, exp. 283 |p 16371 |r 2016-12-01 00:00:00 |w 2016-12-01 |y ARXIU | ||
| 999 | |c 58268 |d 58268 | ||